000 00848pam a2200277 a 4500
999 _c599
_d599
001 2017340
003 OSt
005 20191030162631.0
008 910531s1992 paua 001 0 eng c
010 _a 91062109
020 _a039751039X
040 _aDNLM/DLC
_cDLC
_dDLC
050 0 0 _aRM301.14
_b.P47 1992
060 0 _aQV 17 P536
082 0 0 _aQV 17 P494 1992
_220
100 _aEditors, Richard A. Harvey, Pamela C. Champe
_913021
245 0 0 _aLipppncott's Illustrated Reviews: Pharmacology
260 _aPhiladelphia;
_bLippincott,
_cc1992.
300 _axvi, 459 p. :
_bill. ;
_c28 cm.
440 0 _aLippincott's illustrated reviews
_9470
500 _aIncludes index.
650 0 _aPharmacology MCQs
_9471
906 _a7
_bcbc
_corignew
_d1
_eopcn
_f19
_gy-gencatlg
942 _2z
_cSLOAN